01264nam a2200301 a 450000500170000000800410001702000180005804100080007610000250008424500620010925000110017126000350018230000220021750001190023965300390035865300890039765300430048665300460052965300250057565300490060065300400064965300500068965300310073965300920077065300300086265300460089270000240093820240412134654.0100927t2015||||ag a f 01 s spa d a9789874577085 aspa1 aSerebrisky, Débora aTrastornos por sustancias.bTabaco / cDebora Serebrisky a1a ed. aBuenos Aires: bSciens;c2015. a144 p.c24x17 cm. aSerebrisky, D. y Muller, F. W. (Col.). (2015). Trastornos por sustancias. Tabaco. (1a ed.). Buenos Aires : Sciens. aNeurofisiopatologia del tabaquismo aEpidemiologia del tabaquismo en poblacion general y en trastornos de la salud mental aEfectos de fumar tabaco sobre la salud aFumar narguille ¿tan nocivo como parece? aCigarrillo electrico aAlteraciones cognitivas en usuario de tabaco aTabaquismo y patologia psiquiatrica aInteracciones del tabaco con otras sustancias aDiagnostico del tabaquismo 3aIntervenciones conductuales en tabaquismo: lo que nadie puede dejar de hacer y algo mas aTratamiento farmacologico aDejar de fumar sin engordar en el intento1 aMuller, Fernando W.